Finance d'entreprise: (Record no. 47170)

MARC details
000 -LEADER
fixed length control field 00538nam a22002057a 4500
003 - CONTROL NUMBER IDENTIFIER
control field 0
005 - DATE AND TIME OF LATEST TRANSACTION
control field 20160609165526.0
008 - FIXED-LENGTH DATA ELEMENTS--GENERAL INFORMATION
fixed length control field 100525t xxu||||| |||| 00| 0 eng d
020 ## - NUMERO INTERNATIONAL NORMALISE DES LIVRES
International Standard Book Number 978-2-915236-32-3
035 ## - SYSTEM CONTROL NUMBER
System control number 10880
040 ## - SOURCE DU CATALOGAGE
Original cataloging agency BUAC
Transcribing agency ENEAM
041 ## - CODE DE LANGUE
Language code of text/sound track or separate title Fr
082 ## - DEWEY DECIMAL CLASSIFICATION NUMBER
Classification number 336.02 DAM- FIN
100 ## - VEDETTE PRINCIPALE - NOM DE PERSONNE
Personal name DAMODARAN, Aswath
9 (RLIN) 5518
245 ## - TITLE STATEMENT
Title Finance d'entreprise:
Remainder of title théorie et pratique
Statement of responsibility, etc / Aswath Damodaran
250 ## - EDITION STATEMENT
Edition statement 2éme Ed.
260 ## - PUBLICATION, DISTRIBUTION, ETC. (IMPRINT)
Place of publication, distribution, etc Paris:
Name of publisher, distributor, etc Nouveaux Horizons,
Date of publication, distribution, etc 2008
300 ## - PHYSICAL DESCRIPTION
Extent 1351p.
Other physical details 24cm.
942 ## - ADDED ENTRY ELEMENTS (KOHA)
Koha item type Livre
Holdings
Withdrawn status Lost status Damaged status Not for loan Location (home branch) Sublocation or collection (holding branch) Date acquired Source of acquisition Koha issues (times borrowed) Koha full call number Piece designation (barcode) Koha date last seen Copy number Price effective from Koha item type
        Bibliothèque de l'Ecole Nationale d'Economie Appliquée et de Management Bibliothèque de l'Ecole Nationale d'Economie Appliquée et de Management 25/05/2010 Achat   336.02 DAM - FIN 10880 ENEAM 25/05/2010 1 25/05/2010 Livre


© 2008, Bibliothèques de l'Université d'Abomey-Calavi

04 BP 789 Cotonou, Tél. : +229 21 36 01 01, Fax : +229 21 35 06 32

Courriel : bu@bu.uac.bj